000 00569nam a22002297a 4500
003 OSt
005 20180116182957.0
008 140611b xxu||||| |||| 00| 0 eng d
020 _a9788131731819
022 _a9788131731819
040 _c0
050 _a658.83
082 _a658.83
100 _aMalhotra,Naresh K.
245 _aMarketing Research.
_bAn Applied Orientation.
_cNaresh K.Malhotra
250 _a6th.
260 _aDelhi
_bPearson
_c2013
300 _a948p.
500 _aPaper cover
600 _aMalhotra,Naresh K.
942 _2ddc
_cBK
_k658.83
999 _c349704
_d349704